000 00455nam a2200145Ia 4500
003 OSt
005 20260121121038.0
008 211028s2014 xx 000 0 und d
040 _cAIMIT LIBRARY
041 _aeng
100 _aPednekar, Omkar Prabhakar; D' Souza Rayan .
_g1216162
_97272
245 _aDropout in sales faced by mohite automotive private limited ( Volkswagen Goa North) /
260 _aMangalore
_bRayan D' Douza
_c2014
942 _2ddc
_cPRO
999 _c218842
_d218842